000 00285nam a22001337a 4500
008 171019b xxu||||| |||| 00| 0 eng d
020 _a9780060444150
041 _aeng
080 _23 ED
_a338
100 _a53
101 _aMEN
245 _aMANAGEMENT
_cALBERT.M
942 _2udc
_cBK
999 _c34890
_d34890